000
00317nam a2200145Ia 4500
003
OSt
005
20240304123400.0
008
170524s9999 xx 000 0 und d
020
_a
978-9352607754
040
_c
IIMT UINVERSITY
100
_a
Khan MY
245
0
_a
Financial Services
260
_a
TMH
942
_2
ddc
_c
01
999
_c
3143
_d
3143